000 00683nam a2200205 a 4500
999 _c3557
_d3557
001 3557
003 BD-JhCC
005 20171114202721.0
008 171114s1964 bg |||| |||| 000 0 ben d
035 _a(BD-JhCC)
040 _aBD-JhCC
_dBD-JhCC
041 _aben
082 _a923.1
_bABD 1964
100 _aআবদুল্লাহ, কাজী আবু মোহাম্মদ
245 _aছোটদের নেহরু /
_cকাজী আবু মোহাম্মদ আবদুল্লাহ
260 _aঢাকা:
_bআহমদ পাবলিশিং হাউস;
_c১৯৬৪
300 _a49 p.;
_c14 cm
650 _aBiography
942 _2ddc
_cBK